Statistiques concernant Paroles - générique Rémi sans Famille

Cliquez ici pour prendre le quiz!

Statistiques générales

  • Ce quiz a été pris 26 fois
  • Le résultat moyen est 189 sur 245

Statistiques - réponses

Réponse% Correct
à
100%
a
100%
appelle
100%
Et
100%
et
100%
j'
100%
je
100%
Je
100%
m'
100%
Rémi
100%
amis
96%
famille
96%
sans
96%
suis
96%
me
92%
tous
92%
avec
88%
c'
88%
est
88%
la
88%
mes
88%
d'
83%
ma
83%
Ma
83%
moi
83%
ai
75%
balade
75%
que
75%
vie
75%
Dans
71%
dans
71%
de
71%
on
71%
choisi
67%
besoin
63%
car
63%
celle
63%
les
63%
nos
63%
nous
63%
aventures
54%
dure
54%
moins
54%
Plus
54%
fous
50%
ou
50%
Venez
46%
villes
46%
grandes
42%
petits
42%
villages
42%
affection
29%
paysages
29%
Vitalis
29%
jolis
25%
leur
25%
Zerbino
25%
Dolce
21%
Jolicoeur
21%
défilent
17%
faire
17%
devant
13%
Capi
8%
numéro
8%
vont
8%
Na-na-na-na-na
0%
Na-na-na-na-na-na
0%
Na-na-na-na-na-na-na
0%
Na-na-na-na-na-na-na-na-na-na-na
0%

Distribution des résultats

Percentile par nombre de réponses

% des personnes avec chaque résultat

Votre développement - résultats

Vous n’avez pas pris ce quiz